| 000 | 00912nam a22002777a 4500 | ||
|---|---|---|---|
| 003 | OSt | ||
| 005 | 20210702135639.0 | ||
| 008 | 210322b 2020 dr 00| 0 eng d | ||
| 020 | _a9789945503883 | ||
| 040 |
_aDO-SdBNP _bspa _cBNPHU |
||
| 082 | 4 |
_244 _aRD862.5 _bM765p |
|
| 100 | 1 |
_aMontaño, Mayra, _d1985- _978206 |
|
| 245 | 1 | 0 |
_aPiezas cortas para montar / _cMayra Montaño. |
| 260 |
_aSanto Domingo : _bEdiciones Ferilibro, _c2020. |
||
| 300 |
_a57 p. ; _c21 cm. |
||
| 490 | 1 | _aTeatro | |
| 500 | _aIncluye datos biográficos de la autora en la solapa de la cubierta | ||
| 500 | _a16ª Feria Regional del Libro Bahoruco 2020 | ||
| 505 | 0 |
_tLas viudas de José -- _tLas damas -- _tLa boda de Ana -- |
|
| 590 | _aInventariado, 2021 /LP | ||
| 650 | _2Teatro dominicano | ||
| 650 | 4 |
_aLiteratura dominicana _979087 |
|
| 830 | 0 |
_aTeatro _95617 |
|
| 910 | _aValidado. Control de calidad MFF | ||
| 942 |
_2ddc _cLBS1 |
||
| 999 |
_c49644 _d49644 |
||